Hull begins battle to change hearts and minds (Record no. 72726)
[ view plain ]
| 000 -LEADER | |
|---|---|
| fixed length control field | 01224cam a2200229 4500 |
| 001 - CONTROL NUMBER | |
| control field | ABS66743 |
| 008 - FIXED-LENGTH DATA ELEMENTS--GENERAL INFORMATION | |
| fixed length control field | 030522n2003 000 0 eng u |
| 035 ## - SYSTEM CONTROL NUMBER | |
| System control number | (Sirsi) u122369 |
| 100 ## - MAIN ENTRY--PERSONAL NAME | |
| Personal name | Ludman, M. |
| 245 ## - TITLE STATEMENT | |
| Title | Hull begins battle to change hearts and minds |
| 260 ## - PUBLICATION, DISTRIBUTION, ETC. | |
| Date of publication, distribution, etc. | 2003 |
| 490 ## - SERIES STATEMENT | |
| Series statement | New Urban Futures |
| Volume/sequential designation | (13) 17 April 2003, 6(1) |
| 520 ## - SUMMARY, ETC. | |
| Summary, etc. | Charts the regeneration of Hull, once described as 'the end of England'. Highlights two specific landmarks that should transform Hull's economy; the £45.5m 'submarium' and the city's new Urban Regeneration Company (URC) status leading to the launch of Hull Citybuild. Looks at the challenges Hull faces in becoming one of the UK's top 10 cities, such as its isolated location, and outlines the key objectives of the URC masterplan which include creating a unified city centre with a regenerated waterfront. Concludes by briefly looking at plans for waterfront development. Lists three websites covering the regeneration of Hull city centre. |
| 590 ## - LOCAL NOTE (RLIN) | |
| Local note | ABS |
| 650 ## - SUBJECT ADDED ENTRY--TOPICAL TERM | |
| Topical term or geographic name entry element | HULL |
| 650 ## - SUBJECT ADDED ENTRY--TOPICAL TERM | |
| Topical term or geographic name entry element | URBAN REGENERATION |
| 650 ## - SUBJECT ADDED ENTRY--TOPICAL TERM | |
| Topical term or geographic name entry element | WATERFRONT DEVELOPMENT |
| 650 ## - SUBJECT ADDED ENTRY--TOPICAL TERM | |
| Topical term or geographic name entry element | MASTERPLANS |
| 650 ## - SUBJECT ADDED ENTRY--TOPICAL TERM | |
| Topical term or geographic name entry element | URBAN REGENERATION COMPANIES |
| 690 ## - LOCAL SUBJECT ADDED ENTRY--TOPICAL TERM (OCLC, RLIN) | |
| Topical term or geographic name as entry element | REGENERATION |
| 942 ## - ADDED ENTRY ELEMENTS (KOHA) | |
| Suppress in OPAC | 0 |
| Withdrawn status | Lost status | Source of classification or shelving scheme | Damaged status | Not for loan | Home library | Current library | Shelving location | Date acquired | Total Checkouts | Full call number | Barcode | Date last seen | Copy number | Price effective from | Koha item type |
|---|---|---|---|---|---|---|---|---|---|---|---|---|---|---|---|
| Dewey Decimal Classification | London | London | Journal article | 22/05/2003 | ABS66743 | 122369-1001 | 06/08/2019 | 1 | 06/08/2019 | Journal article |